000 00300nam a2200133Ia 4500
100 _aBeightler/C.S
942 _cBK
654 _aoptimizatoin
245 _aFoundations to optimization
260 _bprentice hall
_aNew Delhi
_c1982
082 _a620.7
_bBEI/PHI
300 _a487
546 _aENGLISH
999 _c32945
_d32945